Rozpoznaj pokemony po zdjęciu - Statystyki

Ogólne statystyki
  • Ten quiz został rozwiązany 3 716 razy
  • Średni wynik to 11 z 16
Statystyki odpowiedzi
Obrazkowy Odpowiedź % Poprawnych
Pikachu
99%
Bulbasaur
81%
Charizard
78%
Mew
78%
Snorlax
78%
Magikarp
73%
Eevee
72%
Psyduck
72%
Squirtle
71%
Diglett
57%
Vulpix
57%
Geodude
55%
Koffing
53%
Meowth
51%
Growlithe
42%
Mudkip
42%
Nie znaleziono quizów pasujących do podanych kryteriów
Rozkład punktacji
Procent ludzi z każdym wynikiem
Percentyl według liczby udzielonych odpowiedzi
Twoja historia wyników
Nie rozwiązałeś tego quizu